Niveau intermediare difficultes expliquees du francais... for English speakers. / (Record no. 5424)
[ view plain ]
| 000 -LEADER | |
|---|---|
| fixed length control field | 00417nam a22001337a 4500 |
| 008 - FIXED-LENGTH DATA ELEMENTS--GENERAL INFORMATION | |
| fixed length control field | 150319b xxu||||| |||| 00| 0 eng d |
| 020 ## - INTERNATIONAL STANDARD BOOK NUMBER | |
| International Standard Book Number | 978209033701 |
| 100 ## - MAIN ENTRY--PERSONAL NAME | |
| Personal name | Vercollier, Alain. |
| 245 ## - TITLE STATEMENT | |
| Title | Niveau intermediare difficultes expliquees du francais... for English speakers. / |
| Statement of responsibility, etc. | Alain, Vercollier. |
| 260 ## - PUBLICATION, DISTRIBUTION, ETC. | |
| Name of publisher, distributor, etc. | CLE International, |
| Date of publication, distribution, etc. | 2004. |
| 300 ## - PHYSICAL DESCRIPTION | |
| Extent | 351p.: |
| Dimensions | 24cm. |
| 500 ## - GENERAL NOTE | |
| General note | Includes index. |
| 942 ## - ADDED ENTRY ELEMENTS (KOHA) | |
| Source of classification or shelving scheme | Library of Congress Classification |
| Koha item type | Books |
| Withdrawn status | Lost status | Source of classification or shelving scheme | Damaged status | Not for loan | Home library | Current library | Shelving location | Date acquired | Total Checkouts | Barcode | Date last seen | Copy number | Price effective from | Koha item type |
|---|---|---|---|---|---|---|---|---|---|---|---|---|---|---|
| Library of Congress Classification | WISCONSIN INTERNATIONAL UNIVERSITY COLLEGE, GHANA - MAIN LIBRARY | WISCONSIN INTERNATIONAL UNIVERSITY COLLEGE, GHANA - MAIN LIBRARY | 19/03/2015 | 6460/12 | 19/03/2015 | 1 | 19/03/2015 | Books |
